00946 a2200181 4500003000500000005001700005040000900022082001500031100002600046245006200072260001800134300001100152505040800163650002600571942002400597999001900621952012400640Nust20221220093157.0 cNust a320.53,JAC aJacobs , Paul9105254 aThe New RadicalsbA Report with Documents / cPaul Jacobs bPenguin Books a330 p; aThe Movements Themes (Page-13), The Movement Origins (Page-17), SNCC one Man One Vote (Page-24), Students for a Democratic Society (Page-36),The Leftovers (Page-51), The Violet Against Liberal (Page-67), The Vietnam Anti War Campaign (Page-73), Community Organization (Page-78), Ideology Communism and Coalition (Page82-), Conclusion (Page-89), The Documents (Page-93), Chronology of Events (Page-319).  a New Radicals9105255 2ddccBKk320.53,JAC c184909d184909 00102ddc4070aMCSbMCScGENd2016-12-12o320.53,JACpMCS30016r2016-12-08w2016-12-12yBKzAlmirah No.49, Shelf No.4